Entry Konu Terimi
Number of records used in: 234
001 - KONTROL NUMARASI
- Kontrol alanı: 10129
003 - KONTROL NUMARASI KİMLİĞİ
- Kontrol alanı: TR-BiSEU
005 - SON İŞLEM TARİHİ VE ZAMANI
- Kontrol alanı: 20260207001401.0
008 - SABİT UZUNLUKTAKİ VERİ ÖGELERİ - GENEL BİLGİ
- Sabit uzunlukta kontrol alanı: 260207|| aca||aabn | a|a d
040 ## - KATALOGLAMA KAYNAĞI
- Özgün kataloglama kurumu: TR-BiSEU
- Çeviri kurumu: TR-BiSEU
150 ## - KONU BAŞLIKLARI - KONU TERİMİ
- Konu terimi: Turkey--History--Revolution, 1918-1923
670 ## - BİLGİNİN KAYNAĞI
- Bilginin alındığı kaynak: KOHA: (TR-BiSEU)4133: Misak-ı Milli ve Türk Dış Politikası'nda Musul, Kerkük ve Erbil Meselesi Sempozyumu (1997 : Konya) 10128, Misak-ı milli ve Türk dış politikası'nda Musul, Kerkük ve Erbil meselesi sempozyumu.
